| 000 | 01116nam0a22002531 4500 | ||
|---|---|---|---|
| 001 | rc\4307773 | ||
| 005 | 20250611134715.0 | ||
| 021 |
_aRU _b[58-6306] |
||
| 035 | _a(NLR Aleph) 008213357 | ||
| 090 |
_a8110478 _c8110478 |
||
| 100 | _a20130416d1957 |||y0rusy50 ca | ||
| 101 | 0 | _arus | |
| 102 | _aRU | ||
| 105 | _aabc z ||||| | ||
| 200 | 1 |
_aВива република! _eВоспоминания участников антифашистской войны в Испании _e[Сборник _fСост. и предисл. Р. Лациса] |
|
| 210 |
_aРига _cЛатгосиздат _d1957 |
||
| 215 |
_a392 с., 2 л. портр. _cил., карт. _d20 |
||
| 606 |
_aИтало-германская военная интервенция, фашистский мятеж в Испании и национально-революционная война испанского народа 1936-1939 гг. _jВоспоминания и записки _2psbo |
||
| 702 | 1 |
_aЛацис _bР. _4220 _4080 |
|
| 801 | 0 |
_aRU _bNLR _gpsbo |
|
| 801 | 1 |
_aRU _bELAR _2rusmarc |
|
| 852 |
_aNLR _j58-3/982 |
||
| 942 | _cBOOK | ||
| 980 | _aNB | ||